Műfaji és retorikai-poétikai sajátosságok Gönci Aszalós Mihály Neolatin versgyűjteményében [absztrakt] /

Elmentve itt :
Bibliográfiai részletek
Szerző: Szendrei Boglárka
Testületi szerző: Országos Tudományos Diákköri Konferencia (37.)
További közreműködők: Gönczi Aszalós Mihály
Dokumentumtípus: Könyv része
Megjelent: Szegedi Tudományegyetem Bölcsészet- és Társadalomtudományi Kar Szeged 2025
Sorozat:Országos Tudományos Diákköri Konferencia : Humán Tudományi Szekció
Kulcsszavak:Magyar irodalom - költészet - 17. sz. - előadáskivonat
Tárgyszavak:
Online Access:http://acta.bibl.u-szeged.hu/87819
LEADER 01040naa a2200229 i 4500
001 acta87819
005 20250604153334.0
008 250604s2025 hu o 100 hun d
020 |a 978-963-688-043-9 
040 |a SZTE Egyetemi Kiadványok Repozitórium  |b hun 
041 |a hun 
100 1 |a Szendrei Boglárka 
245 1 0 |a Műfaji és retorikai-poétikai sajátosságok Gönci Aszalós Mihály Neolatin versgyűjteményében   |h [elektronikus dokumentum] :  |b [absztrakt] /  |c  Szendrei Boglárka 
260 |a Szegedi Tudományegyetem Bölcsészet- és Társadalomtudományi Kar  |b Szeged  |c 2025 
300 |a 482 
490 0 |a Országos Tudományos Diákköri Konferencia : Humán Tudományi Szekció 
650 4 |a Bölcsészettudományok 
650 4 |a Nyelvek és irodalom 
695 |a Magyar irodalom - költészet - 17. sz. - előadáskivonat 
700 0 2 |a Gönczi Aszalós Mihály 
710 |a Országos Tudományos Diákköri Konferencia (37.)  |c Szeged 
856 4 0 |u http://acta.bibl.u-szeged.hu/87819/1/otdk_2025_human_482.pdf  |z Dokumentum-elérés